World Economic Outlook Cyclical Upswing, Structural Change
Uložené v:
| Médium: | Kniha |
|---|---|
| Jazyk: | English |
| Vydavateľské údaje: |
Washington, D.C.
International Monetary Fund
2018
|
| Edícia: | World Economic and Financial Surveys
|
| Predmet: | |
| Tagy: |
Žiadne tagy, Buďte prvý, kto otaguje tento záznam!
|
MARC
| LEADER | 00000nam a2200000 4500 | ||
|---|---|---|---|
| 001 | 0245450 | ||
| 005 | 20260105084819.3 | ||
| 020 | |a 978-1-48433-827-8 | ||
| 022 | |a 0256-6877 | ||
| 041 | 0 | |a eng | |
| 044 | |a US | ||
| 245 | 1 | 0 | |a World Economic Outlook |b Cyclical Upswing, Structural Change |
| 264 | 1 | |a Washington, D.C. |b International Monetary Fund |c 2018 | |
| 300 | |a 282 s. | ||
| 490 | 1 | |a World Economic and Financial Surveys | |
| 830 | 0 | |a World Economic and Financial Surveys | |
| 610 | 2 | 0 | |a politika hospodárska |
| 610 | 2 | 0 | |a rozvoj hospodársky |
| 610 | 2 | 0 | |a rast hospodársky |
| 610 | 2 | 0 | |a prognózy |
| 610 | 2 | 0 | |a sily pracovné |
| 610 | 2 | 0 | |a miesta pracovné |
| 610 | 2 | 0 | |a produktivita práce |
| 610 | 2 | 0 | |a pomoc rozvojová |
| 610 | 2 | 0 | |a krajiny rozvojové |